| 000 | 00659nam a2200205 a 4500 | ||
|---|---|---|---|
| 001 | 000016523 | ||
| 005 | 20260213105849.0 | ||
| 008 | 100308s1979 dr r 001 0 spa d | ||
| 040 |
_aDO-SdBNP _bspa _cBNPHU |
||
| 082 |
_a659.1 _bC352p |
||
| 100 | 1 |
_aCastillo, Efraím, _d1940- _928022 |
|
| 245 | 1 | 0 |
_aPulso publicitario : _bsobre publicidad dominicana / _cEfraim Castillo. |
| 260 |
_aSanto Domingo : _bTaller, _c1979. |
||
| 300 |
_a213 p. ; _c21 cm. |
||
| 490 | 1 |
_aBiblioteca taller ; _v55 |
|
| 500 | _aIncluye índice alfabetico | ||
| 650 | 0 |
_aPublisidad _913236 |
|
| 650 | 4 |
_aPublicidad comercial artistica _936760 |
|
| 830 | 0 |
_aBiblioteca taller ; _n55 _936761 |
|
| 999 |
_c16057 _d16057 |
||